[Event "Titled Tue 10th Jun Late"]
[Site "chess.com INT"]
[Date "2025.06.10"]
[Round "10"]
[White "Rustamov, Rustam"]
[Black "Vlassov, Nikolai"]
[Result "1-0"]
[WhiteTitle "FM"]
[BlackTitle "IM"]
[WhiteElo "2334"]
[BlackElo "2291"]
[WhiteFideId "13440110"]
[BlackFideId "4103360"]
[EventDate "2025.06.10"]

1. e4 Nc6 2. Nf3 d5 3. exd5 Qxd5 4. Nc3 Qa5 5. Bb5 Bd7 6. b4 Qxb4 7. Rb1 Qa5 8.
Be2 Nb4 9. O-O Nf6 10. d4 e6 11. Bd2 Qf5 12. a3 Nbd5 13. Nxd5 Nxd5 14. Bd3 Qh5
15. Rxb7 Bd6 16. c4 Nf4 17. Bxf4 Bxf4 18. Be4 O-O 19. g3 f5 20. gxf4 fxe4 21.
Ne5 Qxd1 22. Rxd1 Ba4 23. Re1 Rxf4 24. Rxc7 Bc2 25. d5 exd5 26. cxd5 Bd3 27. d6
Rd8 28. d7 Rf5 29. Rc8 Rff8 30. Rxd8 Rxd8 31. Nxd3 Rxd7 32. Nc5 Rc7 33. Nxe4 Kf7
34. Re3 Ke6 35. Kg2 Kd5 36. Ng5 h6 37. Ne6 Rb7 38. Nf4+ Kc4 39. h4 g5 40. hxg5
hxg5 41. Ne6 Rb5 42. Kg3 a5 43. Kg4 a4 44. Nxg5 Rb3 45. Ne4 Kd4 46. Kf4 Rb8 47.
Ng3 Kc4 48. Nf5 Rb2 49. f3 Rb3 50. Ke4 Rxe3+ 51. Nxe3+ Kb3 52. f4 Kxa3 53. Nc2+
Kb3 54. Kd3 a3 55. Nxa3 1-0

[Event "Titled Tue 10th Jun Late"]
[Site "chess.com INT"]
[Date "2025.06.10"]
[Round "10"]
[White "Anhwere, Bernard"]
[Black "Gomez Gonzales, Fabiana"]
[Result "0-1"]
[WhiteTitle "CM"]
[BlackTitle "WCM"]
[WhiteElo "1906"]
[BlackElo "1796"]
[WhiteFideId "12600580"]
[BlackFideId "3860191"]
[EventDate "2025.06.10"]

1. d4 Nf6 2. c4 e6 3. Nf3 b6 4. g3 Bb7 5. Bg2 d5 6. O-O Be7 7. cxd5 exd5 8. Nc3
O-O 9. Bf4 Nbd7 10. Rc1 c5 11. Nb5 a6 12. Nd6 Bc6 13. dxc5 Nxc5 14. Nf5 Rc8 15.
N3d4 Bd7 16. b4 Ne6 17. Rxc8 Bxc8 18. Nxe7+ Qxe7 19. Nf5 Qd7 20. Bd6 Re8 21. Qc2
Nd4 22. Nxd4 Qxd6 23. a3 h6 24. Qc6 Qxc6 25. Nxc6 Bb7 26. Nd4 Ne4 27. e3 Rc8 28.
Nf5 Rc3 29. a4 Kf8 30. Rd1 Rc8 31. Bxe4 dxe4 32. Rd7 Bc6 33. Rxf7+ Kxf7 34. Nd6+
Ke6 35. Nxc8 a5 36. bxa5 bxa5 37. Nb6 Kd6 38. Nc4+ Kc5 39. Nxa5 Bd5 40. Kg2 Kb4
41. f3 exf3+ 42. Kf2 Kxa5 43. g4 Kxa4 44. h4 Kb3 45. Kg3 Kc3 46. e4 Bxe4 0-1

[Event "Titled Tue 10th Jun Late"]
[Site "chess.com INT"]
[Date "2025.06.10"]
[Round "10"]
[White "Izafatava, Kira"]
[Black "Swara Lakshmi S Nair"]
[Result "1/2-1/2"]
[BlackTitle "WCM"]
[WhiteElo "2036"]
[BlackElo "2187"]
[WhiteFideId "13521705"]
[BlackFideId "25629239"]
[EventDate "2025.06.10"]

1. e4 c5 2. Nf3 d6 3. d4 cxd4 4. Nxd4 Nf6 5. Nc3 a6 6. a4 Nc6 7. Be2 e6 8. O-O
Be7 9. Nxc6 bxc6 10. f4 O-O 11. Be3 d5 12. e5 Nd7 13. Qe1 Bc5 14. Bxc5 Nxc5 15.
Qf2 Nd7 16. Bd3 Qb6 17. Qxb6 Nxb6 18. f5 exf5 19. Bxf5 Bxf5 20. Rxf5 Rae8 21.
Raf1 Nc4 22. Re1 Nxb2 23. Rb1 Nc4 24. Re1 Re6 25. Ne2 Rxe5 26. Rxe5 Nxe5 27. Nd4
f6 28. Rb1 c5 29. Ne6 Re8 30. Nxc5 Rc8 31. Nxa6 Rxc2 32. Rb8+ Kf7 33. Rb7+ Kg6
34. Nc7 Nd3 35. h3 Nf4 36. a5 Rxg2+ 37. Kf1 Ra2 38. a6 Ra1+ 39. Kf2 Nd3+ 40. Ke3
Nc5 41. Rb6 Ra3+ 42. Kd4 Nxa6 43. Rxa6 Rxh3 44. Nxd5 Rh4+ 45. Ke3 h5 46. Ra7
Rh3+ 47. Kf2 Rb3 48. Nf4+ Kh6 49. Ne6 g6 50. Rf7 f5 51. Rf8 Kh7 52. Rf7+ Kh6 53.
Rf8 Kh7 54. Rf7+ Kh6 1/2-1/2

[Event "Titled Tue 10th Jun Late"]
[Site "chess.com INT"]
[Date "2025.06.10"]
[Round "10"]
[White "Fomevor, Cephas Clinton"]
[Black "Osinovsky, Stepan"]
[Result "0-1"]
[WhiteTitle "CM"]
[BlackTitle "FM"]
[WhiteElo "1883"]
[BlackElo "2240"]
[WhiteFideId "12601330"]
[BlackFideId "4157354"]
[EventDate "2025.06.10"]

1. Nf3 Nf6 2. g3 g6 3. Bg2 Bg7 4. O-O O-O 5. d3 d6 6. e4 e5 7. Nbd2 Nc6 8. Re1
Re8 9. h3 Nd4 10. c3 Nxf3+ 11. Nxf3 c6 12. Kh2 Bd7 13. Be3 a5 14. Qd2 a4 15. a3
b5 16. Bh6 Bh8 17. Rad1 Be6 18. Ng5 Bb3 19. Rc1 d5 20. f4 dxe4 21. Nxe4 Nxe4 22.
Rxe4 Bd5 23. Re3 exf4 24. Rxe8+ Qxe8 25. Bxf4 Bxg2 26. Qxg2 Qd7 27. d4 Re8 28.
Rc2 Qd5 29. Qf2 h5 30. Re2 Re4 31. Qf3 f5 32. Rxe4 Qxe4 33. Qxe4 fxe4 34. Kg2
Kf7 35. Kf2 Ke6 36. Ke3 Kd5 37. Bh6 Bf6 38. Bf8 Bg5+ 39. Ke2 Kc4 40. Kd1 Kb3 41.
g4 hxg4 42. hxg4 Kxb2 43. Bb4 Kb3 44. Ke2 Bc1 45. Bd6 Bxa3 46. Be5 Bc1 0-1

[Event "Titled Tue 10th Jun Late"]
[Site "chess.com INT"]
[Date "2025.06.10"]
[Round "10"]
[White "Zou, Chen"]
[Black "Xiong, Jeffery"]
[Result "0-1"]
[WhiteTitle "IM"]
[BlackTitle "GM"]
[WhiteElo "2443"]
[BlackElo "2639"]
[WhiteFideId "8610959"]
[BlackFideId "2047640"]
[EventDate "2025.06.10"]

1. e4 e6 2. d4 d5 3. Nc3 Bb4 4. e5 c5 5. a3 Bxc3+ 6. bxc3 Nc6 7. Qg4 g6 8. Nf3
Qa5 9. Bd2 Qa4 10. Ra2 Bd7 11. Bd3 c4 12. Be2 h6 13. h4 Nge7 14. O-O O-O-O 15.
Qf4 Rh7 16. Rb1 Kb8 17. Nh2 g5 18. Qf3 Nf5 19. Ng4 Nxh4 20. Qh3 Rhh8 21. Nf6 Bc8
22. Bh5 Qa5 23. Be1 Qc7 24. Rab2 Ng6 25. g3 Nf8 26. Bg4 Nd7 27. Nh5 Rdf8 28. Bd2
b6 29. f4 f5 30. exf6 Nxf6 31. Nxf6 Rxf6 32. fxg5 hxg5 33. Qg2 Ne5 34. Be2 Rfh6
35. Bxg5 Rh1+ 36. Qxh1 Rxh1+ 37. Kxh1 Qh7+ 38. Kg1 Ng6 39. Be3 e5 40. Bf3 Qh3
41. Bf2 Nf4 42. Re1 Bg4 43. Bh1 Ne2+ 44. Rxe2 Bxe2 45. Bg2 Qf5 46. dxe5 Qxe5 47.
Rb5 Qxc3 48. Rxd5 Bf3 49. Rd8+ Kc7 50. Rf8 Bxg2 51. Kxg2 Qxc2 52. g4 c3 53. Kg3
Qd2 54. Rf7+ Kc6 55. Rf3 c2 56. Be3 Qxe3 57. Rxe3 c1=Q 58. Re6+ Kd5 59. Rf6
Qxa3+ 60. Rf3 Qxf3+ 61. Kxf3 Ke5 62. g5 Kf5 0-1

[Event "Titled Tue 10th Jun Late"]
[Site "chess.com INT"]
[Date "2025.06.10"]
[Round "10"]
[White "Nigalidze, Gaioz"]
[Black "Deng, Henry"]
[Result "1-0"]
[WhiteTitle "IM"]
[BlackTitle "FM"]
[WhiteElo "2368"]
[BlackElo "2327"]
[WhiteFideId "13603078"]
[BlackFideId "30965454"]
[EventDate "2025.06.10"]

1. e4 c5 2. Nf3 e6 3. b3 a6 4. Bb2 Nc6 5. c4 Qc7 6. Nc3 Nf6 7. Be2 Nd4 8. O-O d6
9. d3 Nxe2+ 10. Qxe2 Be7 11. d4 cxd4 12. Nxd4 O-O 13. Rad1 b6 14. Rd2 Bb7 15.
Rfd1 Rfe8 16. f3 Rad8 17. Qf2 d5 18. cxd5 exd5 19. exd5 Nxd5 20. Nxd5 Rxd5 21.
Qg3 Bd6 22. Qh4 Be7 23. Qg3 Bd6 24. Qh4 Be7 25. Re2 Qd8 26. Rde1 Rd7 27. Kh1 g6
28. Qf4 Rf8 29. Nf5 Bf6 30. Ba3 gxf5 31. Qg3+ Bg7 32. Bxf8 Kxf8 33. Qf4 Bc6 34.
Qb4+ Rd6 35. Rd2 Bc3 36. Qxd6+ Qxd6 37. Rxd6 Bxe1 38. Rxc6 Bf2 39. Rc8+ Ke7 40.
Ra8 a5 41. g3 Kf6 42. Kg2 Bc5 43. Ra7 b5 44. Rb7 b4 45. Rb5 Bd4 46. Rxa5 Bc3 47.
Rb5 Kg6 48. Rc5 h5 49. Rc6+ Bf6 50. Rc4 Bc3 51. a4 Kf6 52. a5 Bd2 53. Kf2 Be3+
54. Kxe3 f4+ 55. Kxf4 Ke6 56. a6 Kd5 57. a7 1-0

[Event "Titled Tue 10th Jun Late"]
[Site "chess.com INT"]
[Date "2025.06.10"]
[Round "10"]
[White "Montejo Bello, Lorena Beatriz"]
[Black "Kalyani Sirin"]
[Result "0-1"]
[WhiteTitle "WFM"]
[BlackTitle "WFM"]
[WhiteElo "2090"]
[BlackElo "2138"]
[WhiteFideId "3529045"]
[BlackFideId "33323500"]
[EventDate "2025.06.10"]

1. e4 e5 2. Nf3 Nc6 3. Bb5 f5 4. Nc3 fxe4 5. Nxe4 Nf6 6. d3 d6 7. O-O Be7 8. h3
O-O 9. Re1 Nxe4 10. dxe4 Be6 11. Ba4 Qc8 12. Bb3 Nd8 13. c3 Kh8 14. Bxe6 Nxe6
15. Be3 Qd8 16. Qd2 Nf4 17. Bxf4 Rxf4 18. c4 Qf8 19. Qd3 Qf7 20. b3 Rf8 21. Re3
Qg6 22. Rf1 c6 23. a4 Bd8 24. Kh1 Bb6 25. Re2 Rxf3 26. gxf3 Qh5 27. f4 exf4 28.
f3 Qxh3+ 29. Rh2 Qe6 30. e5 h6 31. Qxd6 Qxd6 32. exd6 Rd8 33. Rd1 Rd7 34. b4 c5
35. Rh5 cxb4 36. c5 Bd8 37. Re5 Bf6 38. Re4 b3 39. Rxf4 b2 40. Rb4 Kg8 41. Kg2
Kf7 42. Kf2 Ke6 43. Ke2 h5 44. Kd2 b6 45. Re4+ Kf5 46. cxb6 Rxd6+ 47. Kc2 Rxb6
48. Rb1 h4 49. Rg4 Rc6+ 50. Kb3 Rc1 51. Rg1 Rxg1 52. Rxg1 h3 53. Kc2 Kf4 54. Rh1
Kg3 55. a5 h2 56. Rd1 Kg2 57. Rd2+ Kh3 58. Rd1 Bd4 59. Kb1 Bg1 60. Kxb2 h1=Q 61.
Rd5 Qxf3 0-1

[Event "Titled Tue 10th Jun Late"]
[Site "chess.com INT"]
[Date "2025.06.10"]
[Round "10"]
[White "Nalbandyan, Vahan"]
[Black "Mai, Alexander Oliver"]
[Result "0-1"]
[WhiteTitle "CM"]
[BlackTitle "CM"]
[WhiteElo "2155"]
[BlackElo "2171"]
[WhiteFideId "13309439"]
[BlackFideId "2313391"]
[EventDate "2025.06.10"]

1. d4 Nf6 2. Nc3 d5 3. Bf4 a6 4. e3 h6 5. Nf3 Bg4 6. h3 Bxf3 7. Qxf3 e6 8. g4 c5
9. dxc5 Bxc5 10. O-O-O Nc6 11. g5 hxg5 12. Bxg5 Rc8 13. Rg1 Bb4 14. Ne2 Ne5 15.
Qf4 Bd6 16. Qa4+ Kf8 17. Nd4 Qc7 18. Bxf6 gxf6 19. Kb1 Bc5 20. Be2 Qd6 21. c3 b5
22. Qb3 Rxh3 23. Rh1 Rxh1 24. Rxh1 Ke7 25. f4 Nc4 26. f5 e5 27. Nf3 Nxe3 28. Rh7
Nxf5 29. Qc2 e4 30. Ne1 Qf4 31. Qd1 Rd8 32. Bh5 Nh6 33. a3 d4 34. Qe2 d3 35. Qd1
d2 36. Nc2 e3 37. Ka2 Kf8 38. Qh1 Kg8 39. Bxf7+ Kxh7 40. Be6 Rd6 41. Qb7+ Kg6
42. Bd5 Qe5 43. Be4+ f5 44. Bf3 Ng4 45. Qc8 d1=Q 46. Qg8+ Qg7 47. Qc8 Qxc2 0-1

[Event "Titled Tue 10th Jun Late"]
[Site "chess.com INT"]
[Date "2025.06.10"]
[Round "10"]
[White "Guha, Eshan"]
[Black "Skramstad, Oda Kofoed"]
[Result "1-0"]
[BlackTitle "WCM"]
[WhiteElo "2071"]
[BlackElo "1898"]
[WhiteFideId "30958628"]
[BlackFideId "1564862"]
[EventDate "2025.06.10"]

1. b3 d5 2. Bb2 c5 3. e3 Nc6 4. Nf3 Qc7 5. Bb5 Bd7 6. O-O a6 7. Bxc6 Bxc6 8. Ne5
Nf6 9. d3 e6 10. f4 Bd6 11. Nd2 O-O 12. Ndf3 b5 13. Nxc6 Qxc6 14. Ne5 Qc7 15. g4
c4 16. Bd4 Bc5 17. g5 Bxd4 18. exd4 Ne8 19. Rf3 Nd6 20. Rh3 Nf5 21. Qh5 h6 22.
gxh6 gxh6 23. Rf1 Kh7 24. Ng4 Rg8 25. Kh1 Rg6 26. Ne5 Rg7 27. bxc4 bxc4 28. dxc4
dxc4 29. Qf3 Rag8 30. c3 a5 31. Rh5 Qa7 32. Nxc4 a4 33. Qe4 Qc7 34. Ne3 Qxc3 35.
Nxf5 exf5 36. Qxf5+ Rg6 37. Qxf7+ R8g7 38. Qd5 Qe3 39. Qf5 Qxd4 40. Rh3 Qb6 41.
Rg3 Qc6+ 42. Kg1 Qb6+ 43. Rf2 Kh8 44. Qf8+ Kh7 45. Qf5 Kh8 46. Kg2 Qc6+ 47. Rf3
Qd6 48. Qe5 Qd2+ 49. Kh3 Qd1 50. Rxg6 Qxf3+ 51. Rg3 Qf1+ 52. Kh4 Qe1 53. Qxg7# 1-0

[Event "Titled Tue 10th Jun Late"]
[Site "chess.com INT"]
[Date "2025.06.10"]
[Round "10"]
[White "Demirtas, Alper"]
[Black "Pereyra, Horacio"]
[Result "1-0"]
[WhiteTitle "CM"]
[WhiteElo "2205"]
[BlackElo "2133"]
[WhiteFideId "44576781"]
[BlackFideId "113700"]
[EventDate "2025.06.10"]

1. Nf3 g6 2. c4 Bg7 3. d4 d6 4. g3 Nd7 5. Bg2 e5 6. O-O Ne7 7. Nc3 Nc6 8. dxe5
Ncxe5 9. Nxe5 Nxe5 10. Be3 O-O 11. Bd4 c6 12. b3 Be6 13. Qd2 Qc7 14. Rad1 Rad8
15. Qb2 f5 16. e3 a6 17. h3 c5 18. Nd5 Qf7 19. Bc3 Kh8 20. Nf4 Rg8 21. Nxe6 Qxe6
22. Bd5 Qe7 23. Bxg8 Rxg8 24. f4 Nc6 25. Rfe1 h5 26. h4 Kh7 27. Bxg7 Rxg7 28.
Qd2 Qe4 29. Qg2 Qe6 30. e4 Nd4 31. e5 Rd7 32. Rd3 d5 33. cxd5 Rxd5 34. Red1 b6
35. Kh2 a5 36. a4 Qd7 37. Qf2 Qe6 38. Qe3 Kh6 39. R1d2 Kh7 40. Kg2 Kh6 41. Rc3
Qc6 42. Kh2 Rd8 43. Rf2 Rd5 44. Rd3 Qe6 45. Rf1 Qc6 46. Kh3 Qe6 47. Rfd1 Qc6 48.
Rc1 Qe6 49. Qd2 Qc6 50. Rxd4 Rxd4 51. Qxd4 Qf3 52. Qg1 Qg4+ 53. Kh2 Qe2+ 54. Qg2
Qe4 55. Qxe4 fxe4 56. Rc4 1-0

[Event "Titled Tue 10th Jun Late"]
[Site "chess.com INT"]
[Date "2025.06.10"]
[Round "10"]
[White "Martinovici, Ilia"]
[Black "Ragger, Markus"]
[Result "0-1"]
[WhiteTitle "IM"]
[BlackTitle "GM"]
[WhiteElo "2452"]
[BlackElo "2566"]
[WhiteFideId "13907034"]
[BlackFideId "1610856"]
[EventDate "2025.06.10"]

1. d4 Nf6 2. c4 g6 3. Nc3 d5 4. h4 c5 5. cxd5 Nxd5 6. Na4 Nc6 7. e4 Nf6 8. d5
Nd4 9. Nc3 Bg7 10. Nge2 O-O 11. Nxd4 cxd4 12. Qxd4 e6 13. Bg5 h6 14. Bxf6 Bxf6
15. e5 Bg7 16. d6 f6 17. O-O-O fxe5 18. Qe4 Bd7 19. Qxg6 e4 20. Bc4 Rc8 21. Bb3
Qa5 22. Rh3 Qf5 23. Qxf5 Rxf5 24. Rd2 Rfc5 25. Rc2 Be5 26. Nxe4 Rxc2+ 27. Bxc2
Ba4 28. b3 Bc6 29. Kd1 Bd5 30. d7 Rd8 31. Re3 Kf8 32. Ke2 Ke7 33. g3 Bd4 34. Rf3
Rxd7 35. Bd3 Rc7 36. Kd2 Bb6 37. Rf4 Ba5+ 38. Kd1 Bb4 39. Nf6 Ba3 40. Nxd5+ exd5
41. Bc2 Kd6 42. Ra4 Bc5 43. Rf4 Ke5 44. Bd3 Bd6 45. Kd2 a5 46. Rf5+ Kd4 47. Rh5
Bb4+ 48. Ke2 Re7+ 49. Kf3 Kxd3 50. Rxd5+ Kc3 51. g4 Kb2 52. Rh5 Kxa2 53. Rxh6
Kxb3 54. g5 a4 55. g6 a3 56. Rh8 a2 57. Ra8 Ba3 58. h5 a1=Q 59. h6 Qf6+ 0-1

[Event "Titled Tue 10th Jun Late"]
[Site "chess.com INT"]
[Date "2025.06.10"]
[Round "10"]
[White "Mishra, Abhimanyu"]
[Black "Sivakumar, Shaaketh"]
[Result "1-0"]
[WhiteTitle "GM"]
[BlackTitle "FM"]
[WhiteElo "2611"]
[BlackElo "2279"]
[WhiteFideId "30920019"]
[BlackFideId "30940176"]
[EventDate "2025.06.10"]

1. e4 e6 2. d4 d5 3. Nc3 Bb4 4. e5 Ne7 5. a3 Bxc3+ 6. bxc3 c5 7. Qg4 Kf8 8. Qd1
b6 9. a4 Qc7 10. Nf3 Ba6 11. Bb5 Bxb5 12. axb5 a5 13. h4 h5 14. O-O Nd7 15. Re1
Nf5 16. c4 Qb7 17. cxd5 Qxd5 18. dxc5 Nxc5 19. Ba3 Ke7 20. Qe2 Rac8 21. c4 Qb7
22. Rad1 Rhd8 23. g3 Kf8 24. Ng5 g6 25. Bxc5+ bxc5 26. Qe4 Qxe4 27. Nxe4 Nd4 28.
Kg2 Nb3 29. Nd6 Ra8 30. Re2 a4 31. Ra2 Ke7 32. f4 Rd7 33. Ra3 Rda7 34. Rd3 Nd4
35. Rd2 Nf5 36. Ne4 Ra5 37. Kf2 Rc8 38. Rda2 Rd8 39. Rxa4 Rxa4 40. Rxa4 Rd3 41.
b6 Rb3 42. Ra7+ Kf8 43. b7 Kg7 44. Nxc5 Rb2+ 45. Ke1 Nxg3 46. Ra8 Rb1+ 47. Kd2
Nf5 48. b8=Q Rxb8 49. Rxb8 Nxh4 50. Ne4 Nf5 51. c5 h4 52. c6 h3 53. c7 h2 54.
c8=Q h1=Q 55. Qf8+ Kh7 56. Nf6# 1-0

[Event "Titled Tue 10th Jun Late"]
[Site "chess.com INT"]
[Date "2025.06.10"]
[Round "10"]
[White "Bogaudinov, Rushan"]
[Black "Gattani, Sarthak"]
[Result "1-0"]
[WhiteTitle "FM"]
[WhiteElo "1912"]
[BlackElo "1944"]
[WhiteFideId "4129288"]
[BlackFideId "30995965"]
[EventDate "2025.06.10"]

1. e4 e5 2. Nc3 Nc6 3. g3 Nf6 4. Bg2 Bc5 5. Nf3 d6 6. h3 O-O 7. d3 h6 8. Na4 Bb6
9. O-O Re8 10. Nxb6 axb6 11. Bd2 d5 12. Bc3 dxe4 13. dxe4 Qxd1 14. Rfxd1 Nxe4
15. Be1 Nd6 16. b3 Bf5 17. c4 Rad8 18. Bc3 f6 19. Nh4 Be6 20. g4 Bf7 21. Rd2 Nc8
22. Rad1 Rxd2 23. Rxd2 Nd6 24. Kh2 Rd8 25. Kg3 Kf8 26. Kh2 Ke7 27. Kg1 Nc8 28.
Nf5+ Kf8 29. Bb4+ Kg8 30. Rxd8+ Nxd8 31. Ne3 Nc6 32. Bc3 Be6 33. b4 Nd6 34. c5
bxc5 35. bxc5 Nc4 36. Bd5 Bxd5 37. Nxd5 Kf7 38. Nxc7 N4a5 39. Nd5 Ke6 40. Ne3 g6
41. Kg2 f5 42. Kf3 e4+ 43. Ke2 f4 44. Nc2 Kd5 45. Bg7 h5 46. gxh5 gxh5 47. f3 e3
48. Bf8 Nc4 49. Ne1 Nd4+ 50. Kd3 Ne5+ 51. Kc3 Nexf3 52. Nd3 Ne5 53. Nxf4+ 1-0

[Event "Titled Tue 10th Jun Late"]
[Site "chess.com INT"]
[Date "2025.06.10"]
[Round "10"]
[White "Demchenko, Svitlana"]
[Black "Zepeda Berlanga, Jan Enrique"]
[Result "1-0"]
[WhiteTitle "WIM"]
[BlackTitle "CM"]
[WhiteElo "2135"]
[BlackElo "1984"]
[WhiteFideId "14149893"]
[BlackFideId "5132355"]
[EventDate "2025.06.10"]

1. e4 e5 2. Nf3 Nc6 3. Bc4 Bc5 4. b4 Bxb4 5. c3 Ba5 6. d4 exd4 7. Qb3 Qe7 8. O-O
d6 9. cxd4 Nf6 10. d5 Ne5 11. Nxe5 Qxe5 12. Bb2 Qxe4 13. Nc3 Bxc3 14. Bxc3 O-O
15. Bxf6 gxf6 16. Rfe1 Qf5 17. Re3 Bd7 18. Bd3 Qf4 19. Qxb7 Rae8 20. Rae1 Rxe3
21. Rxe3 Qd4 22. h3 f5 23. Qxc7 f4 24. Rf3 Ba4 25. Bf1 Qxd5 26. Rd3 Qe6 27. Rxd6
Qe4 28. Rf6 Bc2 29. Qxf4 Qxf4 30. Rxf4 Bg6 31. Ra4 Ra8 32. Ra5 a6 33. Rxa6 Rxa6
34. Bxa6 Bc2 35. Bc4 Kf8 36. Bb3 Bd3 37. f4 Ke7 38. Kf2 Kd6 39. g4 Bb5 40. Ke3
Kc5 41. Bxf7 Ba4 42. Bg8 h6 43. g5 hxg5 44. fxg5 Kd6 45. Kf4 Ke7 46. h4 Kf8 47.
Bb3 Bb5 48. h5 Kg7 49. h6+ Kg6 50. Bc2+ Kf7 51. Ke5 Bc4 52. a4 Ba6 53. a5 Bc8
54. Kd6 Ba6 55. Kc7 Be2 56. Kb6 1-0

[Event "Titled Tue 10th Jun Late"]
[Site "chess.com INT"]
[Date "2025.06.10"]
[Round "10"]
[White "Saydaliev, Saidakbar"]
[Black "Drygalov, Sergey"]
[Result "0-1"]
[WhiteTitle "IM"]
[BlackTitle "GM"]
[WhiteElo "2450"]
[BlackElo "2560"]
[WhiteFideId "14203693"]
[BlackFideId "24171743"]
[EventDate "2025.06.10"]

1. Nf3 c5 2. g3 Nc6 3. c4 e5 4. Nc3 Nf6 5. Bg2 d6 6. O-O g6 7. d3 Bg7 8. Ne1 O-O
9. Nc2 Be6 10. Ne3 Qd7 11. Ned5 Bh3 12. f4 Bxg2 13. Kxg2 Nxd5 14. Nxd5 Rfe8 15.
f5 gxf5 16. e4 Nd4 17. Qh5 f6 18. Bh6 Qf7 19. Qh4 Qg6 20. exf5 Qxh6 21. Qxh6
Bxh6 22. Nxf6+ Kf7 23. Nxe8 Rxe8 24. Rab1 Kf6 25. h4 Rg8 26. Kh3 a5 27. b3 Bd2
28. a3 h5 29. Rf2 Be3 30. Rff1 b6 31. b4 cxb4 32. axb4 a4 33. Ra1 Ra8 34. Ra3
Nc2 35. Rc3 Nxb4 36. Rb1 Bc5 37. Ra3 Nc6 38. Ra2 a3 39. g4 hxg4+ 40. Kxg4 Nd4
41. Kh3 Rg8 42. Rf1 Rg7 43. Rff2 Nxf5 44. Rg2 Rxg2 45. Kxg2 Nxh4+ 46. Kg3 Nf5+
47. Kf3 Ke6 48. Ke4 Ng3+ 49. Kf3 Nh5 50. Ke2 Nf4+ 51. Kd2 d5 52. cxd5+ Kxd5 53.
Kc3 Bd4+ 54. Kb3 Bb2 0-1

[Event "Titled Tue 10th Jun Late"]
[Site "chess.com INT"]
[Date "2025.06.10"]
[Round "10"]
[White "Kilic, Eray"]
[Black "Makridis, Dimitrios"]
[Result "1-0"]
[WhiteTitle "IM"]
[BlackTitle "FM"]
[WhiteElo "2474"]
[BlackElo "2283"]
[WhiteFideId "44517173"]
[BlackFideId "25864475"]
[EventDate "2025.06.10"]

1. e4 c5 2. c3 Nf6 3. e5 Nd5 4. Nf3 Nc6 5. d4 cxd4 6. Bc4 e6 7. cxd4 d6 8. O-O
Be7 9. Qe2 O-O 10. Rd1 Na5 11. Bd3 Nb4 12. exd6 Qxd6 13. Be4 f5 14. Bd3 Nxd3 15.
Qxd3 Nc6 16. Nc3 Nb4 17. Qc4 Bd7 18. Ne5 Rac8 19. Qb3 Bc6 20. Bf4 Nd5 21. Nxd5
Bxd5 22. Qg3 Qd8 23. Rac1 Rxc1 24. Rxc1 Bh4 25. Qe3 g5 26. Bg3 f4 27. Qd3 fxg3
28. hxg3 Qf6 29. Rf1 Qg7 30. a3 Rc8 31. Qe3 Rf8 32. Rc1 a6 33. a4 Kh8 34. b4 b5
35. axb5 axb5 36. Rc5 Kg8 37. Rxb5 Ra8 38. Rc5 Rb8 39. b5 Qe7 40. gxh4 gxh4 41.
Qf4 Rf8 42. Qg4+ Kh8 43. f3 Rg8 44. Qh5 Qf6 45. Rc7 Rg7 46. Rc8+ Rg8 47. Rxg8+
Kxg8 48. b6 Qd8 49. Qf7+ Kh8 50. Qc7 Qg8 51. b7 h3 52. b8=Q 1-0

[Event "Titled Tue 10th Jun Late"]
[Site "chess.com INT"]
[Date "2025.06.10"]
[Round "10"]
[White "Bratovic, Blaz"]
[Black "Goldbeck, Lars"]
[Result "1-0"]
[WhiteTitle "IM"]
[BlackTitle "FM"]
[WhiteElo "2319"]
[BlackElo "2391"]
[WhiteFideId "14603551"]
[BlackFideId "16208188"]
[EventDate "2025.06.10"]

1. e4 c6 2. d4 d5 3. e5 Bf5 4. h4 Qc7 5. Bd3 Bxd3 6. Qxd3 c5 7. Nf3 cxd4 8. O-O
e6 9. Bf4 Nc6 10. Nbd2 Nge7 11. h5 Rc8 12. Nb3 a6 13. Nbxd4 Nxd4 14. Nxd4 Nc6
15. c3 h6 16. Qg3 Qb6 17. Rac1 Rh7 18. Qd3 Rh8 19. b4 Nxd4 20. cxd4 Rxc1 21.
Rxc1 Kd7 22. a3 Be7 23. Qc3 Rd8 24. Bd2 f6 25. exf6 Bxf6 26. Be3 Ke8 27. Qc7
Qxc7 28. Rxc7 Rd7 29. Rc8+ Kf7 30. Kf1 Ke7 31. Ke2 Kd6 32. Kd3 Ke7 33. a4 Rd8
34. Rc7+ Rd7 35. Rc5 Kd8 36. Bf4 Be7 37. Rc2 Bxb4 38. Re2 Re7 39. g4 Kd7 40. Rb2
a5 41. Bd2 Bxd2 42. Rxb7+ Ke8 43. Rxe7+ Kxe7 44. Kxd2 Kf6 45. f4 g6 46. hxg6
Kxg6 47. Ke3 h5 48. g5 Kf5 49. Kf3 h4 50. Kg2 e5 51. fxe5 Kxg5 52. Kh3 Kf5 53.
Kxh4 Ke4 54. e6 Kxd4 55. e7 Kc3 56. e8=Q d4 57. Qc6+ Kb3 58. Qb5+ Kc2 59. Qc4+
Kb2 60. Qxd4+ Ka3 61. Qc4 Kb2 62. Qb5+ Ka3 63. Qxa5 Kb2 64. Qb5+ Ka2 65. a5 Ka3
66. a6 Ka2 67. a7 Ka1 68. a8=Q# 1-0

[Event "Titled Tue 10th Jun Late"]
[Site "chess.com INT"]
[Date "2025.06.10"]
[Round "10"]
[White "Panin, Mikhail"]
[Black "Lin, Bryan Enming"]
[Result "1-0"]
[WhiteTitle "CM"]
[BlackTitle "FM"]
[WhiteElo "2255"]
[BlackElo "2343"]
[WhiteFideId "34164992"]
[BlackFideId "30987121"]
[EventDate "2025.06.10"]

1. Nf3 Nf6 2. b3 g6 3. Bb2 Bg7 4. g3 d6 5. d4 O-O 6. Bg2 a5 7. a3 Nbd7 8. O-O c6
9. Nbd2 Re8 10. e4 e5 11. dxe5 dxe5 12. Nc4 Nxe4 13. Re1 Nec5 14. Nfxe5 Nxe5 15.
Qxd8 Rxd8 16. Bxe5 Be6 17. Nb6 Ra6 18. Bc7 Re8 19. Rad1 Bc3 20. Re3 Bg7 21. Bf1
Ra7 22. Bd6 Bf8 23. Bxf8 Kxf8 24. Rde1 Na6 25. Nc4 Nc7 26. Nb6 Rd8 27. Rd3 Ke7
28. Rxd8 Kxd8 29. Rd1+ Ke7 30. h4 Na8 31. Na4 b6 32. Bg2 Bd7 33. Re1+ Kd8 34.
Nc3 Nc7 35. Ne4 Ne8 36. Rd1 f6 37. Bh3 Ke7 38. Bg2 Kf8 39. f4 Ke7 40. Re1 Kf8
41. Kf2 Bf5 42. Rd1 Rd7 43. Rxd7 Bxd7 44. Nd2 Ke7 45. Nc4 a4 46. Nxb6 axb3 47.
cxb3 Be6 48. Bxc6 Bxb3 49. Bxe8 Kxe8 50. Ke3 Kd8 51. Kd4 Kc7 52. Nc4 Bd1 53. Ne3
Bf3 54. Nd5+ Kc6 55. Nxf6 h5 56. Nh7 Kd6 57. Nf8 Bg4 58. Nxg6 Bf5 59. Ne5 Be6
60. a4 Bc8 61. a5 Ba6 62. Nd3 Kc6 63. Nb4+ 1-0

[Event "Titled Tue 10th Jun Late"]
[Site "chess.com INT"]
[Date "2025.06.10"]
[Round "10"]
[White "Radchenko, Alexey"]
[Black "Arabidze, Meri"]
[Result "0-1"]
[WhiteTitle "FM"]
[BlackTitle "IM"]
[WhiteElo "2290"]
[BlackElo "2440"]
[WhiteFideId "4192362"]
[BlackFideId "13604040"]
[EventDate "2025.06.10"]

1. d4 Nf6 2. Nf3 e6 3. Nbd2 d5 4. e3 c5 5. c3 Nc6 6. Bd3 Be7 7. O-O O-O 8. b3 a6
9. Bb2 b5 10. e4 cxd4 11. cxd4 dxe4 12. Nxe4 Nb4 13. Nxf6+ Bxf6 14. Be4 Nd5 15.
Ne5 Bb7 16. Rc1 Rc8 17. Ba3 Be7 18. Bxe7 Qxe7 19. Qf3 g6 20. Nd3 a5 21. Nc5 Ba8
22. Rfe1 Rfe8 23. h3 Kg7 24. Qd3 b4 25. Qa6 Nc3 26. Bb1 Qg5 27. Qf1 Bd5 28. a3
h5 29. axb4 axb4 30. Bd3 Ra8 31. Bc4 Ra2 32. Nd3 Bxc4 33. bxc4 Rd2 34. Re5 Qh6
35. Kh1 b3 36. Rxc3 b2 37. Rb3 Ra8 38. Rxb2 Rxb2 39. Nxb2 Ra2 40. Nd3 Rd2 41.
Re3 Rc2 42. c5 Qg5 43. Qe1 Ra2 44. Ne5 h4 45. c6 Qf5 46. c7 Rc2 47. Rc3 Rxc3 48.
Qxc3 Qb1+ 49. Kh2 Qf1 0-1